000 00856nam a2200217Ii 4500
003 JO-AjNU
008 230605s9999||||xx |||||||||||||| ||und||
017 _a2008/8/2956
040 _aJO-AjNU
_bara
_erda
_cJO-AjNU
041 _aara
050 1 4 _aHJ199 .K3752 2010
100 3 _aتأليف: الخطيب، خالد راغب,
_eauthor
_930510
245 0 0 _aمفاهيم حديثة في الرقابة المالية والداخلية في القطاع العام والخاص
250 _aط1 العربية
264 3 1 _aعمان: مكتبة المجتمع العربي للنشر والتوزيع، 2010
300 _a254ص
_bيحتوي على ببلوغرافية من 253-254ص
336 _atext
_btxt
_2rdacontent
337 _aunmediated
_bn
_2rdamedia
338 _avolume
_bnc
_2rdacarrier
650 4 _aالرقابة المالية
_930511
999 _aA12103
_c15671
_d15671